[Event "GER-ch Youth U16 2020"]
[Site "Willingen"]
[Date "2020.10.20"]
[Round "1.1"]
[White "Köllner, Ruben Gideon"]
[Black "Hinrichs, Paul"]
[Result "1-0"]
[WhiteElo "2337"]
[BlackElo "2168"]
[Annotator "TA"]
[PlyCount "57"]
[EventDate "2020.10.20"]
[EventType "swiss"]
[EventRounds "7"]
[EventCountry "GER"]
[SourceTitle "playchess.com"]
[Source "ChessBase"]
[SourceQuality "1"]

{[%evp 9,57,-10,18,21,37,24,35,57,44,25,24,-42,-28,-65,-66,-58,-16,-53,-38,-39,-35,-41,-21,-21,-14,-25,-23,-83,-79,-211,55,0,35,32,24,29,35,0,74,74,138,127,575,661,657,622,2317,2288,2212,1701]} 1. d4 d5 2. c4 c6 3. cxd5 cxd5 4. Nc3 Nf6 5. f3 Bf5 6. g4 {[#] D10: Slav Defence: 3 cxd5 (without early Nf3) and 3 Nc3.} Bc8 $146 ({Predecessor:} 6... Be6 7. Nh3 h6 8. Nf4 Bc8 9. e4 dxe4 10. fxe4 e5 11. Bb5+ Nc6 12. d5 a6 13. dxc6 Qxd1+ 14. Kxd1 axb5 {0-1 (42) Williams,S (2457)-Van Foreest,J (2466) Douglas 2014}) 7. g5 Nh5 8. e4 {White is slightly better.} e6 9. f4 g6 $1 10. e5 (10. Nge2 $11) 10... h6 $15 11. Nge2 Nc6 12. Be3 a6 13. Bg2 Ng7 14. Ng3 hxg5 15. fxg5 Rh4 16. O-O Ne7 17. Qe1 Bd7 18. a4 ({Much weaker is} 18. Qf2 Nef5 $17) (18. Rf4 $11 Rxf4 19. Bxf4) 18... Rh7 $17 19. Be4 (19. Rf4 $17) 19... b5 $2 {[#]} (19... dxe4 $19 20. Ngxe4 (20. Ncxe4 $2 Nd5 $19) 20... Ng8) 20. axb5 $40 {[%mdl 128] Black needs to defend precisely.} (20. Qf2 $14 Ngf5 21. Bxf5 exf5 22. Rfc1) 20... axb5 21. Rxa8 Qxa8 22. Bd3 Qb7 23. Qe2 {[%cal Rc3b5]} b4 (23... Nef5 $1 $11 {remains equal.}) 24. Nb5 $16 Nef5 {[#]} (24... Nc8 $142) 25. Ra1 $1 {[%cal Ra1a8] And now Ra8+! would win.} Nxg3 $2 {[%mdl 8192]} (25... Be7 $16) 26. hxg3 $18 {White is clearly winning.} Nf5 27. Ra7 Qb6 {and the idea ...Be7 leaves Black hopeful.} 28. Ra8+ Ke7 29. Qd2 {Av CentiPawn Loss W=-39/B=-83. Weighted=-37/-85} 1-0

[Event "GER-ch Youth U16 2020"]
[Site "Willingen"]
[Date "2020.10.20"]
[Round "1.2"]
[White "Lohr, Maximilian"]
[Black "Kölle, Tobias"]
[Result "0-1"]
[WhiteElo "2108"]
[BlackElo "2323"]
[Annotator "TA"]
[PlyCount "57"]
[EventDate "2020.10.20"]
[EventType "swiss"]
[EventRounds "7"]
[EventCountry "GER"]
[SourceTitle "playchess.com"]
[Source "ChessBase"]
[SourceQuality "1"]

{[%evp 13,57,-4,20,0,0,0,3,8,2,0,0,0,0,-14,-21,-24,52,38,37,35,59,-33,-20,-20,-22,-20,-25,-100,-95,-103,-93,-84,-72,-115,-94,-107,-104,-103,-109,-499,-494,-2346,-1923,-2065,-1192,-29995]} 1. e4 c5 2. Nf3 d6 3. d4 cxd4 4. Nxd4 Nf6 5. Nc3 a6 6. Bg5 Nbd7 7. f4 Qc7 8. Qe2 {B94: Sicilian Najdorf: 6 Bg5 Nbd7.} e5 9. Nf5 h6 10. fxe5 {The position is equal.} dxe5 11. Bd2 b5 12. a3 Bb7 {[#]} 13. g4 $146 ({Predecessor:} 13. Qf3 g6 14. Ne3 Be7 15. Bd3 Nc5 16. O-O O-O-O 17. b4 Nxd3 18. cxd3 Kb8 19. Ned1 Nxe4 20. Nxe4 {0-1 (38) Schon,E (2332)-Puccini,J (2192) Melbourne 2016}) 13... g6 14. Ne3 Nb6 (14... Nxe4 $11 15. Ned5 Bxd5 16. Nxd5 Qxc2) 15. Bg2 $14 Bg7 16. O-O-O O-O 17. Ned5 (17. h4 $14) 17... Nfxd5 $15 18. Nxd5 Bxd5 19. exd5 e4 $40 {[%mdl 128] White needs to defend precisely.} 20. Bxe4 {[#]} (20. Qxe4 $11 Nc4 21. c3) 20... Nc4 $1 $17 21. c3 Rac8 22. Bd3 Rfe8 23. Qf2 {[#]} a5 $1 {[%cal Ba6a5,Ba5b4][%mdl 32] Hoping for ...b4!} 24. Rhf1 Nxd2 25. Qxd2 b4 $1 {[%cal Rb4c3]} 26. axb4 $2 {[%mdl 8192] Loses the game.} (26. d6 $17 {was the crucial defense.} Qxd6 27. Bb5 Qxd2+ 28. Rxd2 bxc3 29. bxc3 Rxc3+ 30. Kd1) 26... axb4 $19 {Black is clearly winning.} 27. c4 (27. Rde1 $142 Rxe1+ 28. Qxe1 bxc3 29. bxc3) 27... Qa5 28. Rf4 g5 29. Rff1 {Av CentiPawn Loss W=-127/B=-68. Weighted=-130/-60} 0-1

[Event "GER-ch Youth U16 2020"]
[Site "Willingen"]
[Date "2020.10.20"]
[Round "1.3"]
[White "Dobrikov, Marco"]
[Black "Hommel, Niclas"]
[Result "0-1"]
[WhiteElo "2332"]
[BlackElo "2047"]
[Annotator "TA"]
[PlyCount "63"]
[EventDate "2020.10.20"]
[EventType "swiss"]
[EventRounds "7"]
[EventCountry "GER"]
[SourceTitle "playchess.com"]
[Source "ChessBase"]
[SourceQuality "1"]

{[%evp 18,63,32,24,27,22,16,22,33,23,31,32,34,32,36,34,47,33,29,36,34,30,20,10,33,55,31,0,59,68,131,103,112,111,115,123,453,445,460,456,461,456,445,449,587,405,629,651]} 1. e4 c5 2. Nf3 e6 3. d4 cxd4 4. Nxd4 Nc6 5. Nc3 Qc7 6. Be3 a6 7. Bd3 Nf6 8. O-O Ne5 9. Be2 b5 10. f4 Nc4 {B48: Sicilian: Taimanov: 5 Nc3 Qc7 6 Be3 a6 without Be2.} 11. Bxc4 Qxc4 12. e5 Nd5 {The position is equal.} 13. Nxd5 Qxd5 14. Qe2 Bb7 15. Rad1 {[#]} g6 $146 ({Predecessor:} 15... Rc8 16. Qf2 g6 17. Nb3 Qe4 18. c3 Be7 19. Rd2 Bd5 20. Nc5 Qxg2+ 21. Qxg2 Bxg2 22. Kxg2 Bxc5 23. Bxc5 Rxc5 {½-½ (32) Cuenca Jimenez,J (2529)-Quesada Perez,Y (2636) Monzon 2016}) 16. Nb3 Qc4 17. Qf2 Bd5 18. Rd4 Qc6 $1 19. Na5 Qc7 20. Rxd5 exd5 21. Bb6 $36 {[%mdl 2048] White fights for an advantage.} Qb8 22. Bd4 {[%mdl 1024] White has compensation.} Bb4 (22... Bh6 $11) 23. Nb3 $14 O-O ({Black should try} 23... Rf8 $14) 24. f5 {Strongly threatening c3.} d6 {[#]} 25. Qf4 $1 {[%cal Rf4h6]} dxe5 26. Bxe5 {[%mdl 64] Discovered Attack} Qb7 $2 {[%mdl 8192] This move loses the game for Black.} (26... Qb6+ $16 27. Bd4 Qd8) 27. Qxb4 $18 Rfe8 28. Qf4 Qe7 29. Bd4 {[#] Threatens to win with f6.} Rac8 30. c3 Qf8 31. Qh4 {Threatening mate with Qf6.} Re4 (31... Qe7 $142 32. Qh6 Qf8) 32. Qf6 {[%mdl 32768] Av CentiPawn Loss W=-10/B=-38. Weighted=-12/-57. Loss on time!?} 0-1

[Event "GER-ch Youth U16 2020"]
[Site "Willingen"]
[Date "2020.10.20"]
[Round "1.4"]
[White "Pahl, Erik"]
[Black "Pubantz, Jan"]
[Result "1-0"]
[WhiteElo "2097"]
[BlackElo "2295"]
[Annotator "TA"]
[PlyCount "119"]
[EventDate "2020.10.20"]
[EventType "swiss"]
[EventRounds "7"]
[EventCountry "GER"]
[SourceTitle "playchess.com"]
[Source "ChessBase"]
[SourceQuality "1"]

{[%evp 10,119,20,20,26,23,21,0,35,24,37,31,48,47,68,64,66,26,35,5,10,16,11,0,3,-9,10,-11,0,-29,-30,-46,-45,-47,-54,-46,-47,-44,-54,-48,-33,-50,-6,-10,-16,-12,-12,-15,11,6,20,0,38,51,62,25,64,50,83,82,261,267,244,265,481,481,462,462,506,505,496,483,929,552,970,522,941,912,6725,914,870,865,867,847,809,834,785,759,1176,1174,1133,1133,1133,1126,1117,1094,1004,891,1593,1586,29969,29969,29981,29982,29983,29984,29987,29988,29988,29988,29988,29989]} 1. e4 c6 2. Nc3 d5 3. Nf3 dxe4 4. Nxe4 Nf6 5. Qe2 Nxe4 6. Qxe4 Qd5 {B11: Caro-Kann: Two Knights Variation.} 7. Qf4 Qf5 8. Qe3 (8. d3 {with more complications.} g6 9. c3 Qxf4 10. Bxf4 Bf5 11. O-O-O) 8... Qe6 {The position is equal.} (8... Qxc2 {seems wilder.} 9. Bd3 Qa4 10. b3 Qa5 11. Bb2 Nd7) 9. b3 Qxe3+ 10. fxe3 Nd7 11. Bb2 Nf6 12. O-O-O {[#]} g6 $146 ({Predecessor:} 12... Bg4 13. Be2 Ne4 14. Rdf1 f6 15. d3 Nd6 16. h3 Bd7 17. g4 O-O-O 18. e4 Nf7 {1-0 (38) Raja,H (2472)-Musovic,A (2207) chess.com INT 2020}) 13. e4 Bh6 14. e5 Nd5 15. g3 Bf5 16. a3 Rd8 17. Bg2 O-O 18. Nd4 Bg4 19. Rde1 (19. Bf3 $5 {[%cal Rf3g4]} Bh3 20. Rhe1 $11) 19... c5 20. h3 Bc8 21. Nf3 b5 22. Re2 c4 23. Kb1 cxb3 24. cxb3 Bf5+ 25. Ka2 e6 26. Ne1 g5 27. Be4 Bxe4 28. Rxe4 Rc8 29. h4 gxh4 30. Rexh4 Bg7 31. Rxh7 Ne7 32. d4 Rfd8 33. R7h2 Nf5 34. Nf3 Nxg3 $2 {This costs Black the game.} (34... a5 $16 {was necessary.}) 35. Rg1 $18 Nf5 {[#] intending ...Kf8.} 36. Nh4 $1 {[%cal Rh4f5] And now Nxf5 would win.} Nxh4 $2 (36... Nxd4 {might work better.} 37. Rhg2 Kf8) 37. Rxh4 Kf8 38. Rh7 Rc2 39. Kb1 Rf2 40. Rhxg7 ({But not} 40. Rgxg7 Rf3 $18) 40... Rd7 (40... Ke7 $142 41. Bc1 Rh8) 41. R7g2 Rf3 42. Rg3 Rf2 43. Rc1 f6 44. Rcg1 {[#] White wants to mate with Rg8+.} fxe5 45. Rg8+ Ke7 46. R1g7+ Rf7 47. dxe5 Rd3 48. Kc2 Rd5 49. Bc3 {Strongly threatening Bb4+.} a5 50. Bxa5 {Black must now prevent Bb4+.} Rxg7 51. Rxg7+ {[%mdl 4096] Endgame KRB-KR} Kf8 52. Rg5 Kf7 53. Bc3 Ke7 54. Rg7+ Ke8 55. a4 {White mates.} bxa4 56. bxa4 Kd8 57. a5 Rd7 58. Rxd7+ Kxd7 59. Kd3 Kc6 60. Kc4 {Av CentiPawn Loss W=-42/B=-91. Weighted=-44/-72} 1-0

[Event "GER-ch Youth U16 2020"]
[Site "Willingen"]
[Date "2020.10.20"]
[Round "1.5"]
[White "Nguyen, Alex Dac-Vuong"]
[Black "Lohvinov, Petro"]
[Result "1/2-1/2"]
[WhiteElo "2343"]
[BlackElo "2152"]
[Annotator "TA"]
[PlyCount "108"]
[EventDate "2020.10.20"]
[EventType "swiss"]
[EventRounds "7"]
[EventCountry "GER"]
[SourceTitle "playchess.com"]
[Source "ChessBase"]
[SourceQuality "1"]

{[%evp 19,108,15,13,15,16,22,20,20,15,20,46,27,45,50,49,24,45,62,45,16,46,7,7,7,7,8,27,10,14,15,22,21,23,27,46,46,46,46,47,47,47,47,47,47,47,47,47,47,48,47,51,47,47,48,66,47,57,59,57,57,72,72,72,66,101,101,101,92,101,93,262,93,93,93,93,93,93,72,93,39,93,93,93,93,93,93,93,62,62,45,45]} 1. e4 {Becker/Belov} e5 2. Nf3 Nc6 3. Bb5 a6 4. Ba4 d6 5. O-O Bd7 6. c3 Nge7 7. d4 Ng6 8. Re1 Be7 9. Nbd2 O-O 10. Nf1 Bg4 11. Bxc6 {C75: Ruy Lopez: Deferred Steinitz: 5 c3 Bd7 6 d4 without ...g6.} bxc6 12. Ne3 Be6 13. Qa4 {[#] The position is equal.} exd4 $146 ({Predecessor:} 13... Qd7 14. dxe5 Nxe5 15. Nxe5 dxe5 16. Rd1 Qe8 17. Nf5 c5 18. Nxe7+ Qxe7 19. Be3 c4 {1-0 (64) Rubinstein,A-Treybal,K Karlsbad 1929 EXT 2017 [Becker/Belov]}) 14. cxd4 Bd7 15. Qc2 Nh4 16. Nxh4 Bxh4 17. b3 Bf6 18. Bb2 Re8 19. Nc4 d5 20. Na5 dxe4 21. Rxe4 Rxe4 22. Qxe4 Qe8 23. Qc2 Qe6 24. Nc4 Re8 {( -> ...Qe1+!)} 25. Ne5 Qd5 26. Re1 c5 27. Qxc5 Qxc5 28. dxc5 Bxe5 29. Rxe5 Rxe5 30. Bxe5 $14 {[%mdl 4096] Endgame KB-KB} c6 31. Kf1 f6 32. Bd6 Kf7 33. Ke2 Ke6 34. Ke3 Kd5 35. Bf8 g6 36. Be7 Bf5 37. b4 Kc4 38. a3 Kb3 39. Kd4 Kxa3 40. Kc3 Ka4 41. Bxf6 a5 42. bxa5 Kxa5 43. Be7 Ka6 44. f3 h5 $2 (44... Kb7 $16 {was called for.}) 45. h3 $2 (45. Kd4 $1 $18) 45... Kb7 $16 46. Kd4 Kc8 47. Ke5 Kd7 48. Bd6 Bd3 49. g4 (49. h4 $16) 49... Bf1 ({Better is} 49... hxg4 $14 50. fxg4 (50. hxg4 Be2 $14) 50... g5) 50. h4 Be2 {[#]} 51. gxh5 $1 gxh5 {[#]} 52. f4 $1 Ke8 53. f5 Kf7 54. f6 Bf3 {Av CentiPawn Loss W=-9/B=-10. Weighted=-15/-13} 1/2-1/2

[Event "GER-ch Youth U16 2020"]
[Site "Willingen"]
[Date "2020.10.20"]
[Round "1.6"]
[White "Khachatryan, Taron"]
[Black "Fromm, Marius"]
[Result "1/2-1/2"]
[WhiteElo "2136"]
[BlackElo "2190"]
[Annotator "TA"]
[PlyCount "75"]
[EventDate "2020.10.20"]
[EventType "swiss"]
[EventRounds "7"]
[EventCountry "GER"]
[SourceTitle "playchess.com"]
[Source "ChessBase"]
[SourceQuality "1"]

{[%evp 23,75,5,10,1,20,0,0,-33,-27,-50,-45,-61,-71,-61,-78,-83,-55,-62,-54,-62,-51,-46,-56,-75,-53,-103,-66,-91,-89,-255,-265,-260,-247,-273,-201,-180,-13,-211,-204,-202,-216,-220,-158,-162,-159,-152,-122,-109,0,-157,0,-117,0,-145]} 1. Nf3 c5 2. c4 Nc6 3. Nc3 Nf6 4. e3 e6 5. d4 d5 6. a3 a6 7. dxc5 Bxc5 8. b4 Ba7 9. Bb2 O-O 10. cxd5 exd5 11. Be2 Be6 12. O-O Qe7 13. b5 {D32: Tarrasch Defence: Sidelines and lines without g3.} Na5 {[#]} 14. a4 $146 ({Predecessor:} 14. bxa6 bxa6 15. Bxa6 Bxe3 16. Bd3 Bh6 17. a4 Qb4 18. Rb1 Nc4 19. Ba1 Qc5 20. Rb5 Qc7 {½-½ (43) Bronstein,D-Vooremaa,A Tallinn 1971}) 14... Rfd8 15. Nd4 (15. Qc2 {keeps more tension.} Bb6 16. Bd3 Rdc8 17. Qe2 Nc4 18. Rfc1) 15... Nc4 16. Bxc4 dxc4 17. bxa6 Bxd4 $1 18. exd4 Rxa6 19. Qf3 Bd5 ({Don't play} 19... Rxd4 20. Ne4 $11) 20. Qf4 Re6 21. f3 Bc6 22. Ba3 Qd7 23. Bc5 Rde8 24. Qd2 Nd5 25. Nxd5 Bxd5 26. a5 $2 (26. Rfe1 $17 {might work better.}) 26... Re2 $19 27. Qf4 c3 28. Bb4 Qc6 29. Qd6 Qc4 $2 {[#]} ({Black should try} 29... Qxd6 $19 30. Bxd6 c2) 30. Qc5 $2 (30. Bxc3 $1 $11 {[%mdl 512]} Rc2 (30... Qxc3 31. Qxd5) 31. Rae1) 30... c2 31. Qxc4 Bxc4 32. Rfc1 f6 33. Ra3 Kf7 34. h3 Bd5 35. Kf1 Bc4 {[#] Hoping for ...Re1+.} 36. Kg1 Bd5 37. Kf1 $1 {White wants to play Rc3.} Bc4 {Strongly threatening ...Re1+.} 38. Kg1 {Av CentiPawn Loss W=-37/B=-17. Weighted=-48/-18} 1/2-1/2

[Event "GER-ch Youth U16 2020"]
[Site "Willingen"]
[Date "2020.10.20"]
[Round "1.7"]
[White "Kolb, Tobias"]
[Black "Reimer, Philip"]
[Result "1-0"]
[WhiteElo "2268"]
[BlackElo "1984"]
[Annotator "TA"]
[PlyCount "51"]
[EventDate "2020.10.20"]
[EventType "swiss"]
[EventRounds "7"]
[EventCountry "GER"]
[SourceTitle "playchess.com"]
[Source "ChessBase"]
[SourceQuality "1"]

{[%evp 14,51,43,38,40,46,60,72,56,58,83,74,189,182,191,190,187,179,181,215,345,362,362,351,356,236,237,226,268,231,335,324,341,315,687,697,647,614,706,698]} 1. e4 c5 2. Nc3 Nc6 3. Bb5 g6 4. Bxc6 dxc6 5. d3 Bg7 6. f4 Nf6 7. Nf3 O-O 8. O-O b6 {B21: Sicilian: 2 f4 and Morra Gambit.} 9. Qe1 a5 10. Qh4 a4 {[#] White is better.} 11. a3 $146 ({Predecessor:} 11. f5 a3 12. Bh6 axb2 13. Rab1 Ra3 14. Ne2 Ra4 15. fxg6 fxg6 16. Ng5 Bxh6 17. Qxh6 Qc7 18. Nf4 Qe5 19. Nxg6 {1-0 (19) Bird,J-Kalaiyalahan,A (2080) London 2014}) 11... Ra5 {[#]} 12. f5 $1 {[%mdl 512]} c4 (12... gxf5 $16 13. exf5 c4) 13. e5 $18 (13. dxc4 $6 gxf5 14. Rd1 Qc7 $14) 13... Nd5 14. fxg6 (14. Qxc4 Nxc3 15. bxc3 Bxf5 $11) 14... fxg6 15. Bh6 {And now Ng5 would win.} Nxc3 16. bxc3 {Black must now prevent Ng5.} Rxf3 (16... Bxh6 $142 17. Qxh6 e6) 17. Rxf3 (17. gxf3 Bxh6 18. Qxh6 cxd3 $14) 17... Rxe5 18. Bxg7 (18. Qxc4+ Be6 $16) 18... Kxg7 19. Raf1 $40 {[%mdl 128] [#] Intending Rf7+ and mate. Black is in trouble.} ({Weaker is} 19. dxc4 Qd6 $16) 19... Be6 20. Qf2 ({Don't take} 20. dxc4 $6 Qd6 $16) 20... Qd6 21. Qxb6 Rh5 (21... cxd3 {was called for.} 22. cxd3 h5) 22. h3 cxd3 23. cxd3 ({Don't play} 23. Rxd3 Rd5) 23... Qc5+ $2 (23... Rf5 24. Qe3 c5 25. Rxf5 Bxf5) 24. Qxc5 {White is clearly winning.} Rxc5 25. Re3 Bf5 26. g4 {White took control after the opening. Av CentiPawn Loss W=-11/B=-53. Weighted=-21/-82} 1-0

[Event "GER-ch Youth U16 2020"]
[Site "Willingen"]
[Date "2020.10.20"]
[Round "1.8"]
[White "Simukov, Erik"]
[Black "Dahl, Christoph"]
[Result "1-0"]
[WhiteElo "2012"]
[BlackElo "2262"]
[Annotator "TA"]
[PlyCount "73"]
[EventDate "2020.10.20"]
[EventType "swiss"]
[EventRounds "7"]
[EventCountry "GER"]
[SourceTitle "playchess.com"]
[Source "ChessBase"]
[SourceQuality "1"]

{[%evp 17,73,54,43,59,87,70,49,43,39,-22,-16,-25,-8,-31,0,-3,0,-14,0,-29,-19,-6,-15,-51,0,8,0,-22,0,0,0,0,0,0,61,65,51,0,-12,-20,165,170,275,247,280,143,190,116,692,631,1862,1716,29987,29987,29993,1293,29994,1552]} 1. e4 c5 2. Nf3 d6 3. d4 cxd4 4. Nxd4 Nf6 5. Nc3 a6 6. Be2 e6 7. O-O Qc7 8. f4 b5 9. Bf3 Bb7 10. e5 {B84: Sicilian Scheveningen: 6 Be2 a6, lines without early Be3.} dxe5 11. fxe5 Nfd7 $1 12. Bxb7 $1 {White is slightly better. 12.Bxb7 is better than 12.Bf4.} Qxb7 13. Bf4 (13. Qh5 $14 g6 14. Qh4) 13... Bc5 {Black wants to play ...Nc6.} 14. Kh1 O-O 15. Nf3 Nc6 16. Ne4 {[#]} Be7 $146 ({Predecessor:} 16... Rad8 17. Qe1 Ne7 18. Rd1 Qc6 19. b4 Bb6 20. Bg5 Nd5 21. Qh4 f6 22. exf6 gxf6 {1-0 (58) Gongora Reyes,M (2417)-Leyva Proenza,R (2400) Havana 2001}) 17. Qe1 Rfd8 18. Qg3 Nd4 $1 19. Nd6 Bxd6 $1 20. Nxd4 Be7 (20... Bc7 $15) 21. Bh6 $40 {[%csl Gh6][%cal Rg3g7][%mdl 128] [#] White has some attack.} Bf8 22. Bg5 Re8 23. Qf4 Nb6 24. Rf3 Nd5 25. Qg4 Bc5 (25... Qc8 $11) 26. Bh6 {[%csl Gh6][%cal Rg4g7] [#]} g6 27. Bg5 (27. c3 $14) 27... Bxd4 28. Qxd4 f5 $2 (28... Rec8 $11 {and Black is okay.}) 29. exf6 $18 {And now f7+ would win.} Kf7 (29... e5 {was necessary.} 30. Qe4 Qf7) 30. Qh4 h5 31. Bh6 (31. Bd2 $18) 31... Rac8 32. Qg5 (32. Raf1 $18) 32... Rxc2 $2 {[%mdl 8192]} (32... e5 $16) 33. Rg3 {[%csl Gg3][%cal Rg5g6]} Rg8 34. Bg7 {[%csl Gg3][%cal Rg5g6]} Ne7 35. fxe7 Rxg7 36. Rf3+ (36. Rf1+ $142 Ke8 37. Rf8+ Kd7 38. e8=Q+ Kd6 39. Qf4+ Kc5 40. b4+ Kb6 41. Qd4+ Kc7 42. Qdd8#) 36... Ke8 37. Rf8+ {Av CentiPawn Loss W=-96/B=-153. Weighted=-100/-76} 1-0

[Event "GER-ch Youth U16 2020"]
[Site "Willingen"]
[Date "2020.10.20"]
[Round "1.9"]
[White "Weihrauch, Jakob"]
[Black "Skabs, Denis"]
[Result "0-1"]
[WhiteElo "2184"]
[BlackElo "1875"]
[Annotator "TA"]
[PlyCount "96"]
[EventDate "2020.10.20"]
[EventType "swiss"]
[EventRounds "7"]
[EventCountry "GER"]
[SourceTitle "playchess.com"]
[Source "ChessBase"]
[SourceQuality "1"]

{[%evp 11,96,23,26,-12,9,-27,6,10,0,7,14,19,46,39,85,22,11,-62,-66,-192,-207,-237,-152,-214,-215,-213,-213,-225,-225,-226,-221,-295,-298,-537,-521,-621,-533,-610,-500,-620,-423,-420,-416,-417,-416,-415,-411,-413,-414,-415,-426,-418,-412,-437,-418,-614,-612,-605,-589,-1309,-1119,-1275,-1120,-29975,-29976,-29980,-29981,-29983,-29981,-29982,-29983,-29984,-29985,-29983,-29983,-29984,-29984,-29984,-29984,-29985,-29986,-29986,-29987,-29987,-29988,-29988,-29989]} 1. e4 e5 2. Nf3 Nc6 3. Bb5 Nge7 4. d4 exd4 5. Nxd4 g6 6. Be3 Bg7 7. c4 {C60: Ruy Lopez: Unusual Black 3rd moves and 3...g6.} O-O 8. Nc3 d6 (8... f5 $5 {[%cal Rf5f4]} 9. f3 fxe4 10. fxe4 Ne5 $11) 9. Bxc6 {The position is equal.} bxc6 10. O-O Rb8 {[#]} 11. Qd2 $146 ({Predecessor:} 11. b3 c5 12. Nde2 f5 13. Rc1 fxe4 14. Nxe4 Nf5 15. Bg5 Qd7 16. Qd2 h6 17. Bf4 {½-½ (52) Uddin,S (2254)-Abdulla,A (2417) Dhaka 2004}) 11... Ba6 12. b3 $1 d5 13. exd5 (13. Na4 $16) 13... cxd5 $11 14. Na4 (14. Bh6 $11) 14... dxc4 $15 {Strongly threatening ...c3!} 15. Rfc1 {[#] This move loses the game for White.} (15. Rfd1 $15) 15... Qd6 $1 $19 16. bxc4 c5 17. Nxc5 (17. Nb3 $17 Qxd2 18. Nxd2 Bxa1 19. Rxa1) 17... Qxc5 18. Ne6 Qb4 19. Nxf8 {Threatening Qxb4.} Qxd2 ({Don't take} 19... Kxf8 20. Qxb4 Rxb4 21. Rab1 $17) 20. Bxd2 Bxa1 ({Much less strong is} 20... Kxf8 21. Rab1 $17) ({Don't do} 20... Rxf8 21. Rab1 $17) 21. Nd7 Rd8 22. Nc5 $2 (22. Rxa1 {was necessary.} Rxd7 23. Be1) 22... Rxd2 23. Nxa6 Bb2 24. Rb1 Rc2 25. c5 Rc1+ 26. Rxc1 Bxc1 27. Kf1 Kf8 28. Ke2 Ke8 29. Kd3 Kd7 30. Kc4 Nc6 31. Kd5 Bd2 32. a3 Bc1 33. Nb4 (33. a4 $142) 33... Nxb4+ 34. axb4 {[%mdl 4096] Endgame KB-KP} a6 35. g3 Bd2 36. Kc4 Kc6 37. f4 f5 {Black mates.} 38. h3 h5 39. Kd4 Be1 40. Ke5 Bxg3 41. Kf6 Bxf4 42. Kxg6 {KB-K3P} h4 43. Kxf5 Bg3 44. Ke6 Kb5 45. Kd7 Kxb4 46. c6 a5 {[%cal Ba6a5,Ba5a4][%mdl 32]} 47. c7 {[#]} Bxc7 $1 {[%mdl 64] Promotion} 48. Kxc7 a4 {Av CentiPawn Loss W=-76/B=-23. Weighted=-77/-24} 0-1

[Event "GER-ch Youth U16 2020"]
[Site "Willingen"]
[Date "2020.10.20"]
[Round "1.10"]
[White "Mainka, Alwin"]
[Black "Boder, Jan"]
[Result "0-1"]
[WhiteElo "1954"]
[BlackElo "2155"]
[Annotator "TA"]
[PlyCount "76"]
[EventDate "2020.10.20"]
[EventType "swiss"]
[EventRounds "7"]
[EventCountry "GER"]
[SourceTitle "playchess.com"]
[Source "ChessBase"]
[SourceQuality "1"]

{[%evp 18,76,33,29,67,31,30,29,27,33,53,55,59,54,56,52,64,47,53,34,36,30,32,35,51,0,0,-24,-12,-29,-34,-35,-36,-22,-29,-30,-39,-52,-12,-125,-122,-81,0,-66,-53,-118,-118,-176,-53,-26,-8,-348,-359,-348,-339,-802,-800,-730,-722,-612,-249]} 1. e4 c5 2. Nf3 Nc6 3. d4 cxd4 4. Nxd4 g6 5. c4 Nf6 6. Nc3 d6 7. Be2 Nxd4 8. Qxd4 Bg7 9. Be3 O-O 10. Qd2 a5 {The modern move. B36: Sicilian: Maroczy Bind: Gurgenidze System.} 11. f3 a4 12. Rc1 Qa5 {White has an edge.} 13. Rc2 {[#]} b6 $146 ({Predecessor:} 13... Be6 14. Nd5 Nxd5 15. cxd5 Rfc8 16. Qxa5 Rxa5 17. Kd2 Rxc2+ 18. Kxc2 Bd7 19. Kb1 f5 {0-1 (41) Volokitin,A (2649)-Melkumyan,H (2633) Doha 2016}) 14. Kf2 Ba6 15. g4 Rfc8 16. g5 Nd7 17. Nd5 Qxd2 18. Bxd2 (18. Rxd2 {looks sharper.} Kf8 19. Rc1 Rab8 20. h4 Bb7 21. Rb1) 18... Kf8 19. Rhc1 e6 20. Nb4 Nc5 21. Bc3 ({White should try} 21. Rd1 $14) 21... Bxc3 $11 22. Rxc3 Ke7 23. Ke3 h6 24. h4 hxg5 25. hxg5 Rh8 26. Rd1 Bb7 27. Nd3 Rh2 28. e5 (28. Rc2 $11) 28... dxe5 $17 29. Nxe5 Rah8 (29... Rg2 $17 30. Ng4 Rh8) 30. Nd3 (30. b4 $11 axb3 31. Rxb3) 30... R8h5 $15 31. Nxc5 (31. Rg1 $15) 31... bxc5 $17 32. Rcd3 {[#]} (32. Rg1 $17 {was necessary.}) 32... Rxg5 ({Better is} 32... Bc6 $1 $19 33. Rg1 R5h3) 33. Rd7+ $15 Kf6 {Threatens to win with ...Re5+.} 34. Rxb7 $2 {[%mdl 8192] White does not recover from this.} (34. R1d2 $1 $11 {and White stays safe.} Re5+ 35. Kd3) 34... Re5+ $19 35. Kd3 {Rd2 is the strong threat.} Rexe2 ({Don't do} 35... Rhxe2 36. Kc3 $19) 36. Rb1 $2 (36. Ra7) 36... Rd2+ {Black is clearly winning.} 37. Kc3 Rdf2 {[%cal Rf2f3] [#]} 38. Rd1 Rc2+ {Av CentiPawn Loss W=-36/B=-25. Weighted=-35/-20} (38... g5 $142 39. b3 Rxf3+ 40. Rd3 Rxd3+ 41. Kxd3 Rxa2 42. bxa4 Ra3+ 43. Ke4 Rxa4) 0-1